| 000 | 00348nam a2200121Ia 4500 | ||
|---|---|---|---|
| 008 | 241028s9999 xx 000 0 und d | ||
| 041 | _aeng | ||
| 082 | _a658.3 CHA | ||
| 100 | _aChakrabarti | ||
| 245 | _aReward Management: Concepts And Practices For Modern Organizations | ||
| 260 |
_bCengage Learning India _aDehli _c2022 |
||
| 300 | _a275;. P. 25 cm | ||
| 999 |
_c42990 _d42990 |
||